000 00747nam a22002177a 4500
999 _c31518
_d31515
003 OSt
005 20190325092836.0
008 190325b ||||| |||| 00| 0 eng d
020 _a9789966151018
040 _aMMU
_cMMU
_dMMU
_beng
_eMMU
043 _afe-----
050 0 0 _aTD319 .E18O48 2011
100 1 _aOkurut, Tom O.
245 1 0 _aLake Victoria basin :
_ba new frontier for development of East Africa /
_c[Tom O. Okurut, Calleb N. Weggoro].
260 _aNairobi :
_bTwaweza Communications,
_cc2011.
300 _avi, 187 p. :
_bcol. ill., col. maps ;
_c21 cm.
500 _aIncludes bibliographical references.
650 0 _aWater resources development
_zVictoria, Lake, Watershed
700 1 _aWeggoro, Calleb N.
942 _2lcc
_cLOAN LOAN